<?xml version="1.0" encoding="UTF-8"?>
<record
    xmlns:xsi="http://www.w3.org/2001/XMLSchema-instance"
    xsi:schemaLocation="http://www.loc.gov/MARC21/slim http://www.loc.gov/standards/marcxml/schema/MARC21slim.xsd"
    xmlns="http://www.loc.gov/MARC21/slim">

  <leader>01218nam a2200313 u 4500</leader>
  <controlfield tag="001">878241</controlfield>
  <controlfield tag="005">20260506152522.0</controlfield>
  <controlfield tag="008">040616s1954                        eng  </controlfield>
  <datafield tag="035" ind1=" " ind2=" ">
    <subfield code="a">878241</subfield>
  </datafield>
  <datafield tag="035" ind1=" " ind2=" ">
    <subfield code="a">(OCoLC)777880688</subfield>
  </datafield>
  <datafield tag="040" ind1=" " ind2=" ">
    <subfield code="c">comduadb</subfield>
  </datafield>
  <datafield tag="041" ind1=" " ind2=" ">
    <subfield code="a">eng</subfield>
  </datafield>
  <datafield tag="082" ind1=" " ind2="4">
    <subfield code="a">149</subfield>
  </datafield>
  <datafield tag="100" ind1="1" ind2="0">
    <subfield code="a">Descartes, Ren&#xE9;,</subfield>
    <subfield code="d">1596-1650</subfield>
    <subfield code="4">aut</subfield>
    <subfield code="0">(isni)0000 0001 2129 6144</subfield>
    <subfield code="0">(viaf)41838958</subfield>
    <subfield code="e">aut</subfield>
    <subfield code="9">311881</subfield>
  </datafield>
  <datafield tag="245" ind1="1" ind2="4">
    <subfield code="a">The rationalists</subfield>
  </datafield>
  <datafield tag="260" ind1=" " ind2=" ">
    <subfield code="a">Estados Unidos :</subfield>
    <subfield code="b">Dolphin Books,</subfield>
    <subfield code="c">1954.</subfield>
  </datafield>
  <datafield tag="300" ind1=" " ind2=" ">
    <subfield code="a">471 p&#xE1;ginas</subfield>
  </datafield>
  <datafield tag="600" ind1="1" ind2="4">
    <subfield code="a">Spinoza, Benedictus de,</subfield>
    <subfield code="d">1632-1677</subfield>
    <subfield code="x">Pensamiento filos&#xF3;fico</subfield>
    <subfield code="9">861744</subfield>
  </datafield>
  <datafield tag="650" ind1=" " ind2=" ">
    <subfield code="a">Discurso del metodo</subfield>
    <subfield code="9">49275</subfield>
  </datafield>
  <datafield tag="650" ind1=" " ind2="7">
    <subfield code="a">Racionalismo</subfield>
    <subfield code="2">lemb</subfield>
    <subfield code="9">1438</subfield>
  </datafield>
  <datafield tag="650" ind1=" " ind2=" ">
    <subfield code="a">&#xC9;tica y filosof&#xED;a</subfield>
    <subfield code="9">20061</subfield>
  </datafield>
  <datafield tag="650" ind1=" " ind2="7">
    <subfield code="a">Metaf&#xED;sica</subfield>
    <subfield code="2">lemb</subfield>
    <subfield code="9">2121</subfield>
  </datafield>
  <datafield tag="650" ind1=" " ind2=" ">
    <subfield code="a">Descartes, Rene, 1596-1650 - Influencia filosofica</subfield>
    <subfield code="9">81316</subfield>
  </datafield>
  <datafield tag="650" ind1=" " ind2=" ">
    <subfield code="a">Leibniz, Gottfried Wilhelm von, 1646-1716 - Pensamiento filos&#xF3;fico</subfield>
    <subfield code="9">75189</subfield>
  </datafield>
  <datafield tag="700" ind1="1" ind2="0">
    <subfield code="a">Leibniz, Gottfried Wilhelm,</subfield>
    <subfield code="d">1646-1716</subfield>
    <subfield code="4">aut</subfield>
    <subfield code="0">(isni)0000 0001 2099 0070</subfield>
    <subfield code="0">(viaf)9849392</subfield>
    <subfield code="e">aut</subfield>
    <subfield code="9">473694</subfield>
  </datafield>
  <datafield tag="700" ind1="1" ind2="0">
    <subfield code="a">Spinoza, Benedictus de,</subfield>
    <subfield code="d">1632-1677</subfield>
    <subfield code="4">aut</subfield>
    <subfield code="0">(isni)0000 0001 2277 3344</subfield>
    <subfield code="0">(viaf)22149024</subfield>
    <subfield code="e">aut</subfield>
    <subfield code="9">476205</subfield>
  </datafield>
  <datafield tag="700" ind1="1" ind2="0">
    <subfield code="a">Veitch, John</subfield>
    <subfield code="4">trl</subfield>
    <subfield code="e">trl</subfield>
    <subfield code="9">390857</subfield>
  </datafield>
  <datafield tag="942" ind1=" " ind2=" ">
    <subfield code="c">BOOK</subfield>
  </datafield>
  <datafield tag="999" ind1=" " ind2=" ">
    <subfield code="c">315662</subfield>
    <subfield code="d">315662</subfield>
  </datafield>
  <datafield tag="952" ind1=" " ind2=" ">
    <subfield code="0">0</subfield>
    <subfield code="1">0</subfield>
    <subfield code="4">0</subfield>
    <subfield code="7">0</subfield>
    <subfield code="8">GEN</subfield>
    <subfield code="a">BC</subfield>
    <subfield code="b">BC</subfield>
    <subfield code="d">2004-06-28</subfield>
    <subfield code="e">Material adquirido por donaci&#xF3;n</subfield>
    <subfield code="i">C830153</subfield>
    <subfield code="l">0</subfield>
    <subfield code="o">149 D445r</subfield>
    <subfield code="p">0549487</subfield>
    <subfield code="r">2024-05-15 00:00:00</subfield>
    <subfield code="t">1</subfield>
    <subfield code="w">2023-04-25</subfield>
    <subfield code="y">BOOK</subfield>
  </datafield>
</record>
